00278nam a2200109Ia 4500008004100000082001100041082000800052245006100060245001900121260001900140300000900159231017s9999 xx 000 0 und d a625.84 bSCH 0aInvestigating Premature Pavement Failure Due to Moisture 0cTodd V. Scholz bTodd V. Scholz c30cm